00323nam a2200121Ia 45000030006000000080041000060400015000471000027000622450050000892600033001395460012001720050017001840STCL150530s9999 xx 000 0 und d aSTCLcSTCL aPress Council of India aComplaints against Newspapers and Governments bPress Council of Indiac1970 aEnglish20220125165448.0